Tallinn Bus Stops (TLT) #1 (1-15) - Statistics

General Stats
  • This quiz has been taken 33 times
    15 since last reset
  • The average score is 91 of 496
Answer Stats
Hint Answer % Correct
14 (Bus) | 3 (Tram) | 4 (Tram) | 5 (Bus) Viru
87%
1 (Bus) | 6 (Bus) | 8 (Bus) Pirita
80%
1 (Tram) | 2 (Tram) | 3 (Bus) | +2 others Hobujaama
73%
1 (Tram) | 2 (Tram) | 4 (Trolley) | 5 (Trolley) Balti jaam
60%
1 (Tram) | 2 (Tram) Kopli
60%
1 (Bus) | 5 (Bus) | 8 (Bus) Lauluväljak
60%
2 (Bus) | 4 (Tram) Lennujaam
60%
1 (Trolley) | 11 (Bus) | 3 (Trolley) | 5 (Trolley) Mustamäe
60%
1 (Trolley) | 11 (Bus) | 14 (Bus) | +5 others Vabaduse väljak
60%
1 (Trolley) | 3 (Trolley) | 7 (Bus) Kaubamaja
53%
3 (Tram) | 4 (Tram) Tondi
53%
10 (Bus) Vääna
53%
1 (Tram) | 3 (Tram) Kadriorg
47%
12 (Bus) | 2 (Tram) Suur-Paala
47%
1 (Tram) | 2 (Tram) Telliskivi
47%
10 (Bus) | 13 (Bus) | 4 (Bus) Väike-Õismäe
47%
12 (Bus) Väike Õismäe
47%
1 (Trolley) | 11 (Bus) | 14 (Bus) | +3 others Estonia
40%
4 (Trolley) Keskuse
40%
1 (Trolley) | 5 (Trolley) Lille
40%
1 (Bus) | 3 (Tram) | 5 (Bus) | 8 (Bus) Poska
40%
15 (Bus) | 2 (Bus) | 2 (Tram) | 4 (Tram) Bussijaam
33%
15 (Bus) | 2 (Bus) | 2 (Tram) | 4 (Tram) Keskturg
33%
3 (Trolley) Koidu
33%
14 (Bus) | 3 (Tram) | 4 (Tram) | 5 (Bus) Kosmos
33%
2 (Tram) | 4 (Tram) Majaka
33%
1 (Tram) | 2 (Tram) | 3 (Bus) Mere puiestee
33%
10 (Bus) Nõmme
33%
1 (Tram) | 2 (Tram) Põhja puiestee
33%
1 (Tram) | 3 (Tram) Tallinna Ülikool
33%
3 (Tram) | 5 (Bus) Tallinn-Vaike
33%
4 (Tram) Tallinn-Väike
33%
3 (Tram) | 4 (Tram) | 5 (Bus) Vineeri
33%
1 (Tram) | 2 (Tram) Angerja
27%
14 (Bus) | 3 (Tram) | 4 (Tram) | 5 (Bus) Kalev
27%
1 (Tram) | 2 (Tram) Kanuti
27%
11 (Bus) | 3 (Bus) | 9 (Bus) Kivisilla
27%
1 (Bus) | 1 (Tram) | 3 (Tram) | +2 others Koidula
27%
13 (Bus) | 7 (Bus) | 9 (Bus) Laagna
27%
1 (Bus) | 6 (Bus) | 8 (Bus) Lillepi
27%
1 (Tram) | 2 (Tram) | 3 (Bus) Linnahall
27%
1 (Bus) | 5 (Bus) | 8 (Bus) Mälestusvälja
27%
5 (Bus) Männiku
27%
1 (Bus) Merivälja
27%
13 (Bus) | 7 (Bus) | 9 (Bus) Mustakivi
27%
10 (Bus) | 14 (Bus) Pärnu maantee
27%
1 (Bus) | 3 (Bus) | 5 (Bus) | 8 (Bus) Pronksi
27%
1 (Bus) | 5 (Bus) | 8 (Bus) Reidi tee
27%
1 (Bus) | 6 (Bus) | 8 (Bus) Rummu
27%
1 (Bus) | 6 (Bus) | 8 (Bus) Rummukõrtsi
27%
1 (Bus) | 6 (Bus) | 8 (Bus) Supluse puiestee
27%
1 (Bus) Tuule tee
27%
12 (Bus) | 2 (Tram) Väike-Paala
27%
1 (Bus) Aia tee
20%
14 (Bus) Hiiu
20%
5 (Bus) Järve
20%
1 (Bus) Kaasiku
20%
11 (Bus) | 13 (Bus) | 9 (Bus) Kadaka
20%
3 (Bus) Kalamaja
20%
4 (Trolley) | 5 (Trolley) Kelmiküla
20%
1 (Bus) | 5 (Bus) | 8 (Bus) Lillepaviljon
20%
2 (Bus) Lindakivi
20%
1 (Bus) | 5 (Bus) | 8 (Bus) Maarjamägi
20%
2 (Tram) | 4 (Tram) Majaka põik
20%
1 (Tram) | 2 (Tram) | 3 (Bus) Maleva
20%
2 (Bus) Mõigu
20%
10 (Bus) Pääskula
20%
12 (Bus) | 13 (Bus) | 7 (Bus) Pae
20%
12 (Bus) | 13 (Bus) | 7 (Bus) | 9 (Bus) Priisle
20%
1 (Bus) | 6 (Bus) | 8 (Bus) Randvere tee
20%
2 (Bus) Reisisadam A
20%
5 (Bus) Risti
20%
1 (Tram) | 2 (Tram) Salme
20%
13 (Bus) | 7 (Bus) Seli
20%
2 (Tram) | 4 (Tram) Sikupilli
20%
1 (Tram) | 2 (Tram) Sitsi
20%
1 (Trolley) | 4 (Trolley) | 5 (Trolley) Tehnika
20%
15 (Bus) | 2 (Bus) Tornimäe
20%
10 (Bus) | 12 (Bus) | 13 (Bus) | 4 (Bus) Väike-Õismäe parkla
20%
10 (Bus) | 14 (Bus) Vana-Pääsküla
20%
1 (Bus) Viimsi keskus 2
20%
1 (Bus) Viimsi kool
20%
14 (Bus) Viru keskus 1
20%
15 (Bus) Viru keskus 2
20%
1 (Bus) Viru keskus 5
20%
8 (Bus) Viru keskus 6
20%
1 (Tram) | 2 (Tram) Volta
20%
1 (Trolley) | 5 (Trolley) | 9 (Bus) Akadeemia tee
13%
3 (Bus) Erika
13%
1 (Bus) | 5 (Bus) | 8 (Bus) F. R. Kreutzwaldi
13%
9 (Bus) Gonsiori
13%
4 (Bus) Haabersti ring
13%
5 (Bus) Hallivanamehe
13%
1 (Trolley) Hotell Tallinn
13%
15 (Bus) Kaubajaama
13%
1 (Tram) | 2 (Tram) Krulli
13%
10 (Bus) | 13 (Bus) Kullerkupu
13%
11 (Bus) | 13 (Bus) | 3 (Trolley) | 4 (Trolley) Lepistiku
13%
12 (Bus) Liikuri
13%
3 (Bus) Liivalaia
13%
2 (Tram) | 4 (Tram) Lubja
13%
6 (Bus) | 8 (Bus) Mähe
13%
1 (Bus) Mähe tee
13%
5 (Bus) | 6 (Bus) Metsakooli tee
13%
14 (Bus) Nurme
13%
2 (Tram) | 4 (Tram) Paberi
13%
12 (Bus) | 13 (Bus) Peterburi tee
13%
5 (Bus) Pihlaka
13%
13 (Bus) | 7 (Bus) Punane
13%
3 (Bus) Randla
13%
2 (Bus) Reisisadam D
13%
1 (Tram) | 2 (Tram) Sirbi
13%
12 (Bus) | 13 (Bus) Smuuli tee
13%
15 (Bus) | 7 (Bus) Sõjamäe
13%
15 (Bus) | 2 (Bus) Sossimägi
13%
15 (Bus) | 7 (Bus) Suur-Sõjamäe
13%
1 (Trolley) | 10 (Bus) | 5 (Trolley) | 9 (Bus) Szolnok
13%
3 (Trolley) | 4 (Trolley) Taksopark
13%
1 (Trolley) | 13 (Bus) | 5 (Trolley) | 9 (Bus) Tammsaare tee
13%
1 (Trolley) | 3 (Trolley) Tõnismägi
13%
15 (Bus) | 4 (Tram) | 7 (Bus) Ülemiste jaam
13%
3 (Bus) Veerenni
13%
1 (Trolley) | 5 (Trolley) Aiandi
7%
8 (Bus) Äigrumäe
7%
10 (Bus) | 12 (Bus) | 13 (Bus) Autobussikoondis
7%
15 (Bus) | 7 (Bus) Dvigatel
7%
10 (Bus) | 11 (Bus) | 3 (Trolley) Ehitajate tee
7%
4 (Trolley) Endla
7%
6 (Bus) | 8 (Bus) Hämar tee
7%
10 (Bus) Hiiu jaam
7%
5 (Trolley) Hipodroom
7%
3 (Bus) Hotell Olümpia
7%
14 (Bus) Jannseni
7%
15 (Bus) | 7 (Bus) Järvevana
7%
12 (Bus) Jüriöö park
7%
10 (Bus) Kalda
7%
2 (Bus) Kanali tee
7%
9 (Bus) Kärberi
7%
3 (Bus) Kari
7%
12 (Bus) Karikakra
7%
11 (Bus) | 3 (Trolley) Keemia
7%
15 (Bus) | 7 (Bus) Kesk-Sõjamäe
7%
13 (Bus) | 7 (Bus) Kiviku
7%
8 (Bus) Kõlviku tee
7%
3 (Trolley) | 4 (Trolley) Koskla
7%
13 (Bus) | 7 (Bus) | 9 (Bus) Kotka kauplus
7%
3 (Bus) Kungla
7%
12 (Bus) Kuristiku
7%
6 (Bus) | 8 (Bus) Küüvitsa tee
7%
14 (Bus) | 2 (Bus) Laikmaa
7%
10 (Bus) | 13 (Bus) Lehola
7%
8 (Bus) Liilia tee
7%
10 (Bus) | 11 (Bus) | 3 (Trolley) | 4 (Trolley) Liivaku
7%
3 (Trolley) | 4 (Trolley) Linnu tee
7%
1 (Trolley) | 5 (Trolley) | 9 (Bus) Löwenruh
7%
8 (Bus) Mähe aedlinn
7%
1 (Tram) | 2 (Tram) Marati
7%
1 (Trolley) | 5 (Trolley) Marja
7%
12 (Bus) | 4 (Bus) Meelespea
7%
10 (Bus) | 12 (Bus) Meistri
7%
3 (Bus) Miinisadam
7%
10 (Bus) | 13 (Bus) Nurmenuku
7%
8 (Bus) Oblika tee
7%
8 (Bus) Pojengi tee
7%
2 (Bus) Pühamägi
7%
14 (Bus) Raba
7%
13 (Bus) | 7 (Bus) Rauna
7%
1 (Trolley) | 4 (Trolley) | 5 (Trolley) Ristiku
7%
15 (Bus) | 7 (Bus) Ruunaoja
7%
5 (Bus) | 6 (Bus) Saare
7%
1 (Trolley) | 5 (Trolley) | 9 (Bus) Sääse
7%
13 (Bus) | 7 (Bus) Sabatähe
7%
1 (Tram) | 2 (Tram) Sepa
7%
11 (Bus) | 3 (Trolley) | 4 (Trolley) Siili
7%
2 (Bus) Siimeoni
7%
12 (Bus) | 4 (Bus) Sinilille
7%
12 (Bus) Sipelga
7%
4 (Bus) Sõba
7%
12 (Bus) | 13 (Bus) Sõjakooli
7%
13 (Bus) | 7 (Bus) Taevakivi
7%
10 (Bus) Tähetorni
7%
4 (Bus) Tähistaeva
7%
5 (Bus) | 6 (Bus) Tamme
7%
3 (Trolley) | 4 (Trolley) Tedre
7%
10 (Bus) Tehnikaülikool
7%
4 (Trolley) | 5 (Trolley) Toompark
7%
3 (Bus) Tööstuse
7%
15 (Bus) | 7 (Bus) Tubaka
7%
4 (Trolley) Ülase
7%
4 (Tram) Ülemiste linnak
7%
12 (Bus) Ussimäe tee
7%
14 (Bus) Valdeku
7%
1 (Trolley) | 5 (Trolley) Välja
7%
15 (Bus) | 7 (Bus) Valukoja
7%
10 (Bus) | 11 (Bus) | 3 (Trolley) | 4 (Trolley) Vambola
7%
1 (Bus) Viimsi vallamaja
7%
14 (Bus) Vikerkaare
7%
10 (Bus) Vilde tee
7%
1 (Trolley) Adamsoni
0%
2 (Bus) Ahtri
0%
8 (Bus) Aianduse tee
0%
2 (Bus) Balti jaam 6
0%
12 (Bus) | 13 (Bus) Filtri tee
0%
5 (Bus) | 6 (Bus) Haljas tee
0%
10 (Bus) Hommiku
0%
4 (Bus) Jõeküla
0%
2 (Bus) Kaabli
0%
10 (Bus) Kadaka puiestee
0%
1 (Trolley) | 5 (Trolley) | 9 (Bus) Kaja
0%
12 (Bus) | 13 (Bus) | 7 (Bus) Kalevipoja
0%
3 (Bus) Karjamaa
0%
5 (Bus) Karusmarja
0%
6 (Bus) Kastevarre tee
0%
12 (Bus) Katleri
0%
5 (Bus) Kauge
0%
5 (Bus) Kerese
0%
4 (Bus) Keskpäeva tee
0%
13 (Bus) | 7 (Bus) Kiive
0%
12 (Bus) | 13 (Bus) Kivimurru
0%
5 (Bus) | 6 (Bus) Kose
0%
12 (Bus) Läänemere tee
0%
12 (Bus) | 13 (Bus) Lakiotsa
0%
5 (Bus) Liiva jaam
0%
12 (Bus) Linnamäe tee
0%
3 (Bus) Lõime
0%
12 (Bus) Loopealse
0%
15 (Bus) | 7 (Bus) Lõõtsa
0%
5 (Bus) | 6 (Bus) Lükati tee
0%
3 (Bus) Madala
0%
12 (Bus) Meeliku
0%
6 (Bus) Merivälja pansion
0%
1 (Bus) Mõisapargi
0%
12 (Bus) Mustamäe tee
0%
15 (Bus) | 7 (Bus) Nuia
0%
5 (Bus) | 6 (Bus) Nurmiku tee
0%
10 (Bus) Õitse
0%
15 (Bus) | 7 (Bus) Orto
0%
13 (Bus) | 7 (Bus) Paala
0%
13 (Bus) | 7 (Bus) Paekaare
0%
4 (Bus) Päevalille
0%
12 (Bus) Paevälja
0%
10 (Bus) Pidu
0%
4 (Bus) Pikaliiva
0%
13 (Bus) Pilvetee
0%
13 (Bus) Pöörise
0%
12 (Bus) Priisle kauplus
0%
4 (Bus) Printsu tee
0%
11 (Bus) | 3 (Trolley) Raja
0%
4 (Bus) Rannaniidu
0%
15 (Bus) | 7 (Bus) Raudbetooni
0%
9 (Bus) Reinu
0%
12 (Bus) | 13 (Bus) Renniotsa
0%
12 (Bus) | 13 (Bus) Retke tee
0%
10 (Bus) Rohula
0%
12 (Bus) | 4 (Bus) Rukkilille
0%
5 (Bus) | 6 (Bus) Sarapuu
0%
10 (Bus) Sireli
0%
12 (Bus) Sõjamäe raba
0%
3 (Trolley) Tihase
0%
4 (Bus) Tiskre (Klooga mnt)
0%
4 (Bus) Tiskre oja
0%
4 (Bus) Tiskre (Vahepere)
0%
5 (Bus) | 6 (Bus) Urva
0%
4 (Bus) Vahepere
0%
4 (Bus) Vana-Rannamõisa tee
0%
5 (Bus) Värava
0%
10 (Bus) Võsu
0%
No matching quizzes found
Score Distribution
Percent of People with Each Score
Percentile by Number Answered
Your Score History
You have not taken this quiz since the last reset